Top 25 Disney Villains - Statistics

General Stats
  • This quiz has been taken 350 times
  • The average score is 16 of 25
Answer Stats
# Villain Movie % Correct
1 Scar The Lion King
99%
2 Cruella de Vil 101 Dalmatians
94%
6 Jafar Aladdin
93%
3 Ursula The Little Mermaid
93%
15 Captain Hook Peter Pan
89%
9 Hades Hercules
89%
8 Gaston Beauty and the Beast
87%
12 Maleficent Sleeping Beauty
83%
11 The Queen of Hearts Alice in Wonderland
79%
7 Queen Grimhilde Snow White
77%
17 Shere Khan The Jungle Book
69%
5 Lady Tremaine Cinderella
67%
10 Claude Frollo The Hunchback of Notre Dame
61%
20 Man Bambi
59%
23 Prince John Robin Hood
55%
13 Shan-Yu Mulan
54%
24 Clayton Tarzan
52%
16 Governor Ratcliffe Pocahontas
48%
19 Madam Mim Sword in the Stone
46%
14 Ratigan The Great Mouse Detective
45%
4 Chernabog Fantasia
40%
21 Madame Medusa The Rescuers
40%
22 Si and Am Lady and the Tramp
35%
25 Edgar Balthazar The Aristocats
25%
18 Foulfellow & Gideon Pinocchio
13%
No matching quizzes found
Score Distribution
Percent of People with Each Score
Percentile by Number Answered
Your Score History
You have not taken this quiz